Extraños peregrinos: doce cuentos
Պահպանված է:
| Հիմնական հեղինակ: | |
|---|---|
| Ձևաչափ: | Գիրք |
| Լեզու: | իսպաներեն |
| Հրապարակվել է: |
Ciudad de México
Diana
1992
|
| Հրատարակություն: | 1a. ed |
| Խորագրեր: | |
| Ցուցիչներ: |
Ավելացրեք ցուցիչ
Չկան պիտակներ, Եղեք առաջինը, ով նշում է այս գրառումը!
|
MARC
| LEADER | 00000nam a2200000 a 4500 | ||
|---|---|---|---|
| 001 | UCG4147 | ||
| 003 | CL-VaPUC | ||
| 008 | 101007e19920700MX |||||||||||||||||spa|d | ||
| 020 | |a 9681326636 | ||
| 082 | 0 | 4 | |a Co863 |b GAR |2 21 |
| 100 | 0 | |a García Márquez, Gabriel |e author |9 318478 | |
| 245 | 1 | 0 | |a Extraños peregrinos: doce cuentos |
| 250 | |a 1a. ed | ||
| 300 | |a 245 p | ||
| 942 | |c BK | ||
| 945 | |d 20101007 00:00:00 |a mfarfan | ||
| 260 | |a Ciudad de México |b Diana |c 1992 | ||
| 650 | 7 | |a ESCRITORES COLOMBIANOS |2 CL-VaPUC |9 493458 | |
| 650 | 0 | |a Literatura colombiana |9 315578 | |
| 650 | 0 | |a Cuentos colombianos |9 317132 | |
| 583 | |a last modification |c 20101007 00:00:00 |k Rodrigo Vera | ||
| 999 | |c 342993 |d 342991 | ||
| 952 | |0 0 |1 0 |4 0 |6 CO_863_000000000000000_GAR_1992 |7 0 |8 A |9 439788 |a BIBEDU |b BIBEDU |d 2019-11-22 |i 4725190 |o Co863 GAR 1992 |p 4725190 |r 2019-11-22 |w 2019-11-22 |y BK |k LIT | ||